000 00355nam a2200145Ia 4500
008 191201s2005 xx 000 0 und d
082 _a543.08
_bWII
100 _aWillard, Hobart H
245 0 _aInstrumental methods of Analysis
250 _a7th
260 _aN.Delhi
_bCBS Publishers
_c2005
300 _a895
650 _aB.Tech(ECE)
942 _2ddc
_cBK
999 _c1146
_d1146